banner-ar

الذكاء الاصطناعى : (Record no. 67619)

MARC details
000 -الفاتح
حقل البيانات ثابتة الطول 00942nam a2200241Ia 4500
005 - وقت وتاريخ اخر تعامل مع التسجيلة
رقم الضبط 20250622124034.0
008 - عناصر البيانات ثابتة الطول - معلومات عامة
حقل البيانات ثابتة الطول 250617s9999||||xx |||||||||||||| ||ara||
020 ## - الرقم الدولى المعيارى للكتب
الرقم الدولى المعيارى للكتاب 9789933221492
082 04 - رقم تصنيف ديوى العشرى
رقم التصنيف "658,4038"
رقم المادة ع ذ
100 0# - المدخل الرئيسى - إسم شخصى
الإسم الشخصى علاء محمد ساعى
245 10 - بيان العنوان
العنوان الذكاء الاصطناعى :
بقية العنوان آفاقه وتطبيقاته فى مجال الإدارة الحديثة /
بيان المسئوليه,etc علاء محمد ساعى
250 ## - بيان الطبعة
بيان الطبعة ط1
260 3# - PUBLICATION, DISTRIBUTION, ETC. (IMPRINT)
تاريخ النشر أو التوزيع 2024.
300 ## - الوصف المادى
التعداد 200ص :
تفاصيل ماديه اخرى للوعاء صور ؛
أبعاد الوعاء 24سم.
650 ## - المدخل الاضافى بالموضوع-مصطلح موضوعى
مصطلح موضوعي الإدارة
التقسيم الفرعي العام تطوير
650 ## - المدخل الاضافى بالموضوع-مصطلح موضوعى
مصطلح موضوعي الإدارة بالمعلومات
650 ## - المدخل الاضافى بالموضوع-مصطلح موضوعى
مصطلح موضوعي التخطيط
650 ## - المدخل الاضافى بالموضوع-مصطلح موضوعى
مصطلح موضوعي التنمية الإدارية
650 ## - المدخل الاضافى بالموضوع-مصطلح موضوعى
مصطلح موضوعي الذكاء الاصطناعى
650 ## - المدخل الاضافى بالموضوع-مصطلح موضوعى
مصطلح موضوعي الذكاء الاصطناعى
التقسيم الفرعي العام الإدارة الحديثة
942 ## - عناصر المدخل الإضافي( كوها)
Koha [default] item type كتاب
260 3# - PUBLICATION, DISTRIBUTION, ETC. (IMPRINT)
-- دمشق :
-- "دار مؤسسة رسلان للطباعة والنشر والتوزيع،"
Holdings
حالة التراجع حالة الفقد حالة تلف ليس للاعارة المكان المؤقت الموقع الحالى موقع الترفيف تاريخ الاكتساب اجمالي اﻻعارات تاريخ اخر مشاهدة تاريخ تفعيل السعر نوع وعاء كوها
        مكتبة القاهرة الكبرى مكتبة القاهرة الكبرى القاعة الرئيسية 06/22/2025   06/22/2025 06/22/2025 كتاب

Powered By

EGPV